| 000 | 00378nam a22001457a 4500 | ||
|---|---|---|---|
| 003 | OSt | ||
| 005 | 20250301093016.0 | ||
| 008 | 250301b |||||||| |||| 00| 0 eng d | ||
| 020 | _a9789356066526 | ||
| 040 | _c | ||
| 082 |
_22 _a512.5 _bDAS |
||
| 245 |
_aLinear Algebra and Partial differential equations and transforms _cDas,P.S |
||
| 260 |
_bPearson _c2024 |
||
| 942 |
_2ddc _cBK _n0 |
||
| 999 |
_c36182 _d36182 |
||